| 000 | 00669nam a2200253Ia 4500 | ||
|---|---|---|---|
| 003 | OSt | ||
| 005 | 20220926022133.0 | ||
| 006 | a|||||r|||| 00| 0 | ||
| 007 | ta | ||
| 008 | 220923b |||||||| |||| 00| 0 eng d | ||
| 037 | _cGeneral Book | ||
| 040 |
_aRTL _cRTL _beng |
||
| 041 |
_2eng _aeng |
||
| 082 | _am1N45.N99, L9.1-4/UN | ||
| 110 | _aUNITED NATIONS. | ||
| 245 | 0 | _aDocument index. | |
| 260 |
_aNew York _bUnited Nations _c1999 |
||
| 300 |
_a1011p. _ccm. |
||
| 490 | _vvol.1, no. 4 | ||
| 500 | _aSubject index, part-2 | ||
| 700 | _aUNITED NATIONS. | ||
| 942 |
_hm1N45.N99, L9.1-4/UN _cGB _2CC |
||
| 999 |
_c638608 _d638608 |
||